Servants' pasts: (Record no. 176176)
[ view plain ]
| 000 -LEADER | |
|---|---|
| fixed length control field | 01037nam a22002537a 4500 |
| 005 - DATE AND TIME OF LATEST TRANSACTION | |
| control field | 20240809125814.0 |
| 010 ## - LCCN (DPL NO) | |
| LC control number | ENG-128604 ENG-141311 |
| 020 ## - INTERNATIONAL STANDARD BOOK NUMBER | |
| International Standard Book Number | 9789352876648 |
| Terms of availability | 995.00 |
| 020 ## - INTERNATIONAL STANDARD BOOK NUMBER | |
| International Standard Book Number | 9789352876945 |
| Terms of availability | 895.00 |
| 035 ## - SYSTEM CONTROL NUMBER | |
| System control number | EN-112136 |
| 035 ## - SYSTEM CONTROL NUMBER | |
| System control number | EN-124843 |
| 037 ## - SOURCE OF ACQUISITION | |
| Source of stock number/acquisition | DBAD |
| 082 ## - DEWEY DECIMAL CLASSIFICATION NUMBER | |
| Classification number | 640.460954 |
| 245 ## - TITLE STATEMENT | |
| Title | Servants' pasts: |
| Statement of responsibility, etc | Edited by Sinha Nitin; Varma Nitin [and] Pankaj Jha |
| Remainder of title | Sixteenth to eighteenth century South Asia Vol 1,LAte Eighteenth to Twentieth Century South Asia Vol 2/ |
| 260 ## - PUBLICATION, DISTRIBUTION, ETC. (IMPRINT) | |
| Place of publication, distribution, etc | Telangana |
| Name of publisher, distributor, etc | Orient Blackswan Private Limited |
| Date of publication, distribution, etc | 2019 |
| 270 ## - ADDRESS | |
| City | Telangana |
| Postal code | 500029 |
| Address | 3-6-752, Himayatnagar, Hyderabad |
| Electronic mail address | info@orientblackswan.com |
| 300 ## - PHYSICAL DESCRIPTION | |
| Extent | xviii+421p. |
| Dimensions | 22cm(hbk) |
| Other physical details | including Illustrations and Index. |
| 300 ## - PHYSICAL DESCRIPTION | |
| Extent | xiii+324p. |
| Dimensions | 22cm(hbk) |
| Other physical details | including Illustrations and Index. |
| 490 ## - SERIES STATEMENT | |
| Volume number/sequential designation | Vol 1, Vol 2 |
| 700 ## - ADDED ENTRY--PERSONAL NAME | |
| Personal name | Sinha, Nitin, Ed. |
| Relator term | Editor |
| 9 (RLIN) | 69827 |
| 700 ## - ADDED ENTRY--PERSONAL NAME | |
| Personal name | Varma, Nitin, Ed. |
| Relator term | Editor |
| 9 (RLIN) | 69828 |
| 700 ## - ADDED ENTRY--PERSONAL NAME | |
| Personal name | Jha, Pankaj, Ed. |
| Relator term | Editor |
| 9 (RLIN) | 69829 |
| 942 ## - ADDED ENTRY ELEMENTS (KOHA) | |
| Source of classification or shelving scheme | Dewey Decimal Classification |
| Item type | English Books |
| Classification part | 640.460954 |
| Call number suffix | SER |
| Withdrawn status | Lost status | Materials specified (bound volume or other part) | Not for loan | Collection code | Home library | Current library | Date acquired | Source of acquisition | Cost, normal purchase price | Full call number | Barcode | Copy number | Cost, replacement price | Koha item type |
|---|---|---|---|---|---|---|---|---|---|---|---|---|---|---|
| VOL-1 | Non-fiction | Ashok Vihar | Ashok Vihar | 26/11/2020 | DBAD | 995.00 | 640.460954 SER | EN-112136 | 1 | 995.00 | English Books | |||
| Non-fiction | Ashok Vihar | Ashok Vihar | 09/08/2024 | Delivery of Books Act Division | 895.00 | 640.460954 SER | EN-124843 | 1 | 895.00 | English Books |
